<?xml version="1.0" encoding="UTF-8"?>
<record
    xmlns:xsi="http://www.w3.org/2001/XMLSchema-instance"
    xsi:schemaLocation="http://www.loc.gov/MARC21/slim http://www.loc.gov/standards/marcxml/schema/MARC21slim.xsd"
    xmlns="http://www.loc.gov/MARC21/slim">

  <leader>00336pam a2200133 a 4500</leader>
  <datafield tag="020" ind1=" " ind2=" ">
    <subfield code="a">81-7824-264-8</subfield>
    <subfield code="c"></subfield>
  </datafield>
  <datafield tag="041" ind1=" " ind2=" ">
    <subfield code="h"></subfield>
  </datafield>
  <datafield tag="100" ind1=" " ind2=" ">
    <subfield code="a">Ghazala, Shahabuddib.,</subfield>
    <subfield code="e">Author.,</subfield>
  </datafield>
  <datafield tag="245" ind1=" " ind2=" ">
    <subfield code="a">Conservation at the Crossroads</subfield>
    <subfield code="h">Textual Documents</subfield>
  </datafield>
  <datafield tag="250" ind1=" " ind2=" ">
    <subfield code="a">2010.</subfield>
  </datafield>
  <datafield tag="260" ind1=" " ind2=" ">
    <subfield code="a">[s.l]:</subfield>
    <subfield code="b">The New India Foundation .</subfield>
  </datafield>
  <datafield tag="300" ind1=" " ind2=" ">
    <subfield code="a">294.</subfield>
  </datafield>
  <datafield tag="930" ind1=" " ind2=" ">
    <subfield code="a">2100</subfield>
  </datafield>
  <datafield tag="999" ind1=" " ind2=" ">
    <subfield code="c">247951</subfield>
    <subfield code="d">247951</subfield>
  </datafield>
  <datafield tag="952" ind1=" " ind2=" ">
    <subfield code="0">0</subfield>
    <subfield code="1">0</subfield>
    <subfield code="4">0</subfield>
    <subfield code="7">0</subfield>
    <subfield code="8">General </subfield>
    <subfield code="a">EVP</subfield>
    <subfield code="b">EVP</subfield>
    <subfield code="d">2013-01-09</subfield>
    <subfield code="e">Natraj Publication</subfield>
    <subfield code="g">595.00</subfield>
    <subfield code="l">1</subfield>
    <subfield code="o"> </subfield>
    <subfield code="p">EVP-1854</subfield>
    <subfield code="q">2023-09-02</subfield>
    <subfield code="r">2023-08-19 00:00:00</subfield>
    <subfield code="s">2023-08-19</subfield>
    <subfield code="t">1</subfield>
    <subfield code="w">2023-04-03</subfield>
    <subfield code="y">BK</subfield>
  </datafield>
</record>
